Zateplujeme-staviame dom, chatu, chalupu 1

Gespeichert in:
Bibliographische Detailangaben
Format: Buch
Sprache:Slowakisch
Veröffentlicht: Bratislava : T+E
Ausgabe:1. vyd.
Schlagworte:
Tags: Tag hinzufügen
Keine Tags, Fügen Sie das erste Tag hinzu!

MARC

LEADER 00000nam a22000003a 4500
001 stu11295
005 20150408181855.3
008 950323s--------cs------------------slo-d
020 |a 8085691000 
040 |a STU  |b slo 
041 0 |a slo 
044 |a cs 
245 |a Zateplujeme-staviame dom, chatu, chalupu 1 
250 |a 1. vyd. 
260 |a Bratislava :  |b T+E 
300 |a 60 s 
650 7 |a izolácie tepelné  |2 stusub 
650 7 |a vykurovanie budov  |2 stusub 
650 7 |a zatepľovanie  |2 stusub 
996 |b 284AU00708  |c A*2073 U  |l AAKNAR  |s A  |a 24  |w stu11295_0001